LDR 00941naa#a2200169#i#450# 001 RU\\bibl\123190 005 20260513071036.3 011 ## _a2409-1073 100 ## _a20231220b2023####ek#y0rusy0150####ca 102 ## _aRU 200 1# _aРынок труда в России в свете демографических тенденций _eЖурнальная статья 210 1# _aМосква _cФедеральное государственное автономное образовательное учреждение высшего образования Национальный исследовательский университет "Московский институт электронной техники" _d2023 215 ## _a0 с. 608 ## _aЖурнальная статья _2local 675 ## _aРынок труда. Занятость. 331.5 _z 700 #1 _aЦаренко _gИрина Владимировна 856 4# _aesgi-journal.ru _u